01533nam a22001577a 450000500170000000800410001702000180005805000200007610000030009624500880009925000130018726000340020030000310023450000320026550510780029720230619111542.0230619b ||||| |||| 00| 0 eng d a9780078112775 aHD62.4.H55(10e)  aInternational business:bCompeting in the global marketplace /cCharles W. L. Hill. a10th(ed) aNewYork:bMcGraw Hill,c2015. axxxiv,654 p.:bill.;c29cm aIncludes glossary and index aGlobalisation-- National differences in political economy-- Political economy and economic development--GNI per capita 2011-- GNI PPP per capita-- Average annual growthrate in GDP per capita-- Human development index 2012-- Political freedom in 2012-- Distribution of economic freedom-- Differences in culture-- World religions-- Ethics in international business-- Cases-- International trade theory-- The political economy of international trade-- Foreign direct investment-- Regional economic integration-- Member states of the European union-- Economic integration in the Americas-- ASEAN countries-- APEC members-- Cases-- The foreign exchange market-- the international monetary system-- The global capital market-- Cases-- The strategy of international business-- The organization of international business-- Entry strategy and strategic alliances-- Cases-- Exporting, importing and countertrade-- Global production, Outsourcing and logistics--Global marketing and RD-- Global human resource management-- Accounting and finance in the international business-- Cases.